Word Ladder: Down the Rabbit Hole Quiz Stats

Quiz Updated Feb 8, 2016

Challenge
Share
Tweet
Embed
Score 0/16 Timer 02:00
2 Plays Today
Hint 5-Letter Word % Correct
● The color of Wonderland's tardy rabbit ●● WHITE ●
97.6%
TV show: _____ Line Is It Anyway?WHOSE
97.5%
EntireWHOLE
96.5%
SelectedCHOSE
94.4%
● The girl who went down the rabbit hole ●● ALICE ●
94.2%
A piece of cakeSLICE
93.1%
Indefinite period of timeWHILE
92.9%
Maintenance task, such as painting white roses redCHORE
86.4%
Hint 5-Letter Word % Correct
Hybrid utensilSPORK
85.5%
● Waterfront; where the Walrus and the Carpenter walked ●● SHORE ●
85.3%
Mushroom's reproductive cellSPORE
84.8%
Not tautSLACK
80.6%
Small burning particleSPARK
80.5%
Grace who sang about the rabbit from the first rungSLICK
79.1%
● Quick bite to eat; 'The vorpal blade went snicker-_____' ●● SNACK ●
77.8%
● Sarcastic speech; the hunted prey in a Lewis Carroll poem ●● SNARK ●
71.3%

Today's Daily Dose

Word Ladder
Summertime

On This Day
June 23rd II

You're not logged in!

Compare scores with friends on all Sporcle quizzes.
Join for Free
OR
Log In

You Might Also Like...

Show Comments

Extras

Top Quizzes Today


Score Distribution

Your Account Isn't Verified!

In order to create a playlist on Sporcle, you need to verify the email address you used during registration. Go to your Sporcle Settings to finish the process.

Report this User

Report this user for behavior that violates our Community Guidelines.

Details: